000 00530nam a2200181Ia 4500
008 090123s9999 xx 000 0 und d
082 _b3615
100 _aपेंडसे द.पा.
245 _aहबवक्कुकू
250 _a1
260 _bकिर्लोस्कर प्रेस
_c1974
300 _a136
600 _aपेंडसे द.पा.
630 _aहबवक्कुकू
700 _aपेंडसे द.पा.
730 _aहबवक्कुकू
942 _cBOOK
999 _c41695
_d41695